00552nam a2200157 a 450000500170000000800410001702000170005805000280007510000190010324501080012226000470023030000210027752100080029865000490030665000390035520140310183334.0060908s19uu xx 00 eng d a978141660358 aLB 2822.82b.Sch56 2006 aSchmoker, Mike aResults now :bhow we can achieve unprecedented improvements in teaching and learning /cMike Schmoker. aAlexandria, Virginia U.S.A :bASCD,c2006. a196 p. :c25 cm. aEDU aSchool improvements programsxUnited States. aEducational changexUnited States.